| 000 | 00835nam a2200301Ia 4500 | ||
|---|---|---|---|
| 001 | 57478 | ||
| 003 | IT-RoPAU | ||
| 008 | 130308s9999 xx 000 0 und d | ||
| 040 | _aIT-RoPAU | ||
| 040 | _cIT-RoPAU | ||
| 041 | _aITALIANO | ||
| 100 | _aComuzio Ermanno | ||
| 100 | _gCodice Aut. SPICS: 7870 | ||
| 245 | _aO.K. Everybody Sing! Sing! | ||
| 245 | _bMusic in Film Fest (Catalogo) | ||
| 250 | _a1a ed. | ||
| 260 | _aVICENZA | ||
| 260 | _bAssessorato Cultura | ||
| 260 | _c1987 [1° Ed.:1987 - Ed.Ling.Originale:1987] | ||
| 300 | _a"13 p. (prefazione: no ; testo: 13 [pagine: 33-45])" | ||
| 500 | _aAppunti sull'uso e sull'evoluzione della Canzone nella Storia del Cinema | ||
| 650 | _aGENERI MUSICALI | ||
| 650 | _eCodice materia Spics: 7010 | ||
| 942 | _cBK | ||
| 957 | _71 | ||
| 999 |
_c59460 _d59460 |
||
| 999 | _bSI | ||
| 999 | _g1 | ||